000 00405nam a2200145 i 4500
001 39353
003 ES-MaACL
007 t|
008 030227s1902 fr ||||1| fre d
100 1 _aCanal, Joseph.
_934371
245 1 0 _aGeographie générales du Maroc /
_cpar Joseph Canal.
260 _aParis :
_b[s.n.,
_c1902] (
_fD. Hintz)
300 _aXIV, 185 p. :
_bmap. ;
_c31 cm.
852 _aES-MaACL
_jB-2125
999 _c39353
_d39353